[Event "Shanghai COITCT 2019"]
[Site "Shanghai"]
[Date "2019.09.16"]
[Round "5.4"]
[White "Nigmatov, Ortik"]
[Black "Idani, Pouya"]
[Result "1-0"]
[WhiteElo "2482"]
[BlackElo "2586"]
[Annotator "TA"]
[PlyCount "91"]
[EventDate "2019.09.15"]
[EventType "team-tourn"]
[EventCountry "CHN"]
[SourceTitle "playchess.com"]
[Source "ChessBase"]
[SourceQuality "1"]

{[%evp 11,91,8,14,26,31,33,32,20,0,18,43,35,53,41,55,48,50,0,0,0,85,0,0,5,0,1,42,-39,21,-20,179,175,368,368,375,364,352,78,74,79,80,51,52,0,47,67,217,218,347,331,418,411,351,0,625,620,483,0,0,0,0,0,0,-9,-9,-10,11,0,0,0,64,51,133,97,355,321,1365,560,550,543,29986,29984]} 1. e4 c5 2. Nf3 d6 3. d4 cxd4 4. Nxd4 Nf6 5. Nc3 a6 6. Bg5 Nbd7 7. Qe2 {B94: Sicilian Najdorf: 6 Bg5 Nbd7} (7. Bc4 Qb6 8. Bb3 e6 9. Qd2 Be7 10. O-O-O Nc5 11. f3 Qc7 12. g4 b5 13. h4 Bd7 14. Kb1 b4 15. Nce2 {0-1 (40) Papp,G (2591)-Navara,D (2733) Slovakia 2019}) 7... Qc7 8. O-O-O e6 9. h4 {White is slightly better.} b5 10. a3 Bb7 $146 ({Predecessor:} 10... Rb8 11. g4 b4 12. axb4 Rxb4 13. f3 Nc5 14. Be3 Bd7 {½-½ (46) Harvey,D (2371)-Broniek,M (2333) ICCF email 2015}) 11. Rh3 Be7 12. g4 O-O 13. f4 Rfe8 14. h5 Nc5 {[%cal Rf6e4]} 15. Bg2 e5 (15... h6 $11 16. Bh4 e5 17. fxe5 dxe5) 16. fxe5 (16. Nf5 $16) 16... dxe5 $11 17. Nf5 Ne6 18. Bd2 {next g5 is good for White.} Nd4 19. Qe3 ({White should play} 19. Qf1 $14) 19... Bc5 (19... Nxg4 20. Qg3 $18) (19... Rad8 $15) 20. Qg5 {[%csl Gf5][%cal Rg5g7] [#]} Ne6 $2 (20... Nxf5 $1 $11 21. gxf5 h6) 21. Qh4 $18 {Threatens to win with h6.} Nf4 $2 (21... Red8) 22. Bxf4 exf4 23. Qg5 {[%csl Gf5][%cal Rg5g7]} Bf8 {[#]} 24. Rhd3 $2 (24. h6 g6 $18) (24. e5 $1 $18 {[%mdl 512] is more deadly.} Bxg2 (24... Qxe5 25. Nh6+) 25. exf6) 24... h6 $16 (24... Nxe4 $2 25. Nxe4 Bxe4 26. Bxe4 $18) 25. Nxh6+ $1 Kh8 26. Nf5 Qe5 $1 27. Bf3 (27. Qh4 $14) 27... Rac8 (27... a5 $5 {[%cal Rb5b4]}) 28. Nd5 Bxd5 ({Black should try} 28... Nd7 $14) 29. exd5 $18 Nd7 (29... b4 $142) 30. d6 Qc5 {[%csl Gc8][%cal Rc5c2]} 31. Rc3 Qf2 32. Bc6 $2 (32. Qxf4 Rxc3 33. bxc3 Ne5 $14) (32. Bd5 $18 Rxc3 33. bxc3) 32... Re2 $2 {[%mdl 8192]} (32... Rxc6 $11 33. Rxc6 Re1) 33. h6 {[%cal Rh6g7]} g6 34. Ne7 $2 (34. Kb1 $18 Rxc6 35. Rxc6) 34... Re1 $1 $11 {[%cal Re1d1]} 35. Qd5 Nf6 36. Qf3 Rxd1+ 37. Qxd1 Rd8 $1 {aiming for ...Bxe7.} 38. Rd3 ({But not} 38. Rf3 $2 Qb6 $19) 38... Qc5 39. b4 Qe5 $1 {[%cal Re5a1]} 40. Bf3 $36 {[%mdl 2048] White has some pressure.} Qa1+ (40... Bxe7 $11 41. dxe7 Rxd3 42. Qxd3 Kh7) 41. Kd2 $14 Qb2 (41... Qxd1+ $1 $14 42. Kxd1 Kh7) 42. g5 Nh7 $2 {[%mdl 8192]} (42... Ne8 $16 {might work better.}) 43. Qg1 $18 Qe5 $2 (43... Rxd6 44. Rxd6 Bxe7 45. Qd4+ (45. Rxa6 Nxg5 46. Bh1 Bf6 $17) 45... Qxd4+ 46. Rxd4 Nxg5) 44. Qc5 (44. Nc6 $142 Qxg5 45. Qa1+ Qf6 46. Qxf6+ Nxf6 47. Nxd8) 44... Qxg5 45. Nc6 Qg3 {If Black can now play ...Rxd6 this consolidates a bit.} 46. Nxd8 {Accuracy: White = 51%, Black = 28%.} 1-0

[Event "Shanghai COITCT 2019"]
[Site "Shanghai"]
[Date "2019.09.16"]
[Round "5.5"]
[White "Darini, Pouria"]
[Black "Kurbonboeva, Sarvinoz"]
[Result "1-0"]
[WhiteElo "2428"]
[BlackElo "2262"]
[Annotator "TA"]
[PlyCount "33"]
[EventDate "2019.09.15"]
[EventType "team-tourn"]
[EventCountry "CHN"]
[SourceTitle "playchess.com"]
[Source "ChessBase"]
[SourceQuality "1"]

{[%evp 11,33,-4,-6,-14,43,52,72,66,112,60,185,175,238,243,228,262,260,254,880,877,854,875,1506,1454]} 1. e4 c5 2. Nc3 d6 3. f4 g6 4. Nf3 Bg7 5. Bc4 Nc6 6. O-O e6 7. d4 {B23: Closed Sicilian: Lines without g3} Nxd4 (7... cxd4 $11 8. Nb5 Nge7) 8. Be3 $14 {[%cal Rf3d4]} Nxf3+ 9. Qxf3 {White is better.} ({Of course not} 9. Rxf3 a6 $15) 9... Ne7 {[#]} 10. Rad1 ({Better is} 10. f5 $1 $16 {[%mdl 512] Strongly threatening f6.} exf5 11. exf5 gxf5 12. Rad1) 10... a6 $146 {[#]} (10... Bxc3 $14 11. bxc3 a6) ({Predecessor:} 10... O-O 11. Bxc5 Qc7 12. Bxd6 Qxc4 13. Bxe7 Re8 14. e5 Rxe7 {1-0 (24) Grischuk,A (2750)-Vachier Lagrave,M (2795) chess.com INT 2017}) 11. f5 $1 $18 {[%cal Rf5e6]} gxf5 (11... exf5 {was called for.} 12. exf5 Bxf5) 12. exf5 Nxf5 {[#]} 13. g4 $1 {[%cal Rg4f5]} Be5 {White must now prevent ...Qh4!} 14. gxf5 $40 {[%mdl 128] White has strong attack.} Bxh2+ $2 (14... Rg8+ 15. Kh1 Qh4) 15. Kxh2 {White is clearly winning.} ({Not} 15. Kh1 Qh4 $16) 15... Qh4+ 16. Qh3 Qxc4 17. Rf4 {Accuracy: White = 76%, Black = 15%.} 1-0

[Event "Shanghai COITCT 2019"]
[Site "Shanghai"]
[Date "2019.09.16"]
[Round "5.6"]
[White "Baymuratova, Sevara"]
[Black "Gholami, Aryan"]
[Result "0-1"]
[WhiteElo "2126"]
[BlackElo "2542"]
[Annotator "TA"]
[PlyCount "86"]
[EventDate "2019.09.15"]
[EventType "team-tourn"]
[EventCountry "CHN"]
[SourceTitle "playchess.com"]
[Source "ChessBase"]
[SourceQuality "1"]

{[%evp 18,86,11,-18,0,-20,0,-1,-4,-4,0,-29,-13,-65,-68,-88,-95,-97,-104,-231,-127,-107,-120,-182,-9,-205,-199,-212,-208,-243,-243,-280,-279,-314,-312,-298,-304,-523,-477,-487,-486,-485,-469,-475,-353,-926,-929,-796,-543,-976,-533,-891,-877,-1962,-1925,-29975,-29976,-4344,-4314,-29990,-29990,-29992,-29993,-29993,-29987,-29987,-29988,-29986,-29987,-29998,-29999]} 1. d4 Nf6 2. c4 e6 3. Nf3 b6 4. g3 Bb7 5. Bg2 Be7 6. O-O O-O 7. b3 a5 8. a3 d5 9. Bb2 Nbd7 10. Nbd2 c5 {E15: Queen's Indian: 4 g3 sidelines, 4 g3 Ba6 and 4 g3 Bb7 early deviations} 11. Rc1 (11. a4 Rc8 12. Rc1 Rc7 13. Ne5 Qa8 14. cxd5 Nxe5 15. dxe5 Nxd5 16. Nc4 Rd8 17. Qc2 Nb4 18. Bxb7 Qxb7 {0-1 (34) Wang,Y (2439)-Zhang,Z (2607) Suzhou 2001}) 11... Rc8 12. dxc5 $146 ({Predecessor:} 12. Re1 cxd4 13. Nxd4 Bc5 14. e3 Qe7 15. a4 Ne5 16. Qe2 Ba6 17. Nb5 Nc6 18. Red1 Bxb5 19. axb5 {1-0 (36) Campbell,I (1996)-French,M (1824) Vale 2015}) 12... bxc5 {The position is equal.} 13. cxd5 exd5 14. Nh4 Re8 15. Nf5 (15. e4 $11) 15... Bf8 $15 16. Nc4 Qc7 17. Nce3 {[%cal Re3d5]} g6 18. Nd4 (18. Nh4 $17) 18... Qb8 (18... Qe5 $19 19. Nc4 dxc4 20. Bxb7 Rb8) 19. Nf3 $17 Bh6 $36 {[%mdl 2048] Black is on the roll.} 20. Bh3 (20. Rb1 $17 {was called for.}) 20... Rcd8 $2 (20... Rxe3 $19 21. fxe3 Bxe3+ 22. Kh1 d4) 21. Rc2 $2 (21. Bxd7 $1 $11 {and White has nothing to worry.} Nxd7 22. Rxc5 {[%mdl 64] Remove Defender} Nxc5 23. Ng4) 21... d4 $19 22. Nc4 {[#]} Be4 $1 {[%mdl 64] Discovered Attack} 23. Nxa5 Qb5 (23... Bxc2 24. Qxc2 Qb5 25. Nc4 $17) 24. b4 Bxc2 ({Resist} 24... cxb4 25. axb4 Qxb4 26. Qxd4 $17) 25. Qxc2 Rxe2 26. Qb3 Nb6 27. Nb7 $2 (27. Ba1 Nbd5 28. Nc4) 27... c4 {[%cal Bc5c4,Bc4c3][%mdl 32]} ({Less strong is} 27... Rd5 28. Nxc5 Ne4 29. Nxe4 $15) 28. Qd1 Rxb2 29. Nxd8 d3 30. Nd4 Qh5 31. Qa1 $2 (31. Qxh5 Nxh5 32. Rd1) 31... c3 32. Bg2 d2 {Threatens to win with ...Ng4.} 33. N8c6 Bg7 34. a4 Ng4 {[%csl Gg4][%cal Rh5h2]} 35. h3 {[#]} Nxf2 $1 {[%mdl 512]} 36. a5 (36. Rxf2 d1=Q+) 36... Nxh3+ 37. Bxh3 Qxh3 38. Ne2 Nc4 {Black mates.} 39. a6 Ne3 {[%csl Ge3][%cal Rh3g2]} 40. Rf2 d1=Q+ 41. Qxd1 Nxd1 42. a7 {[#]} Ra2 $1 43. Nxc3 Qxg3+ {[%mdl 64] Double Attack. Accuracy: White = 18%, Black = 51%.} 0-1

[Event "Shanghai COITCT 2019"]
[Site "Shanghai"]
[Date "2019.09.16"]
[Round "5.7"]
[White "Xu, Yinglun"]
[Black "Kovalev, Vladislav"]
[Result "1/2-1/2"]
[WhiteElo "2565"]
[BlackElo "2661"]
[Annotator "TA"]
[PlyCount "71"]
[EventDate "2019.09.15"]
[EventType "team-tourn"]
[EventCountry "CHN"]
[SourceTitle "playchess.com"]
[Source "ChessBase"]
[SourceQuality "1"]

{[%evp 9,71,0,48,41,33,31,40,28,35,42,41,34,41,36,30,29,45,27,45,56,56,56,67,47,42,41,40,38,43,36,43,35,69,73,63,42,44,32,29,33,32,8,8,-26,0,-47,-47,-86,-86,-86,-86,-86,-86,-73,-55,-56,0,-3,0,0,0,0,4,5]} 1. d4 Nf6 2. c4 e6 3. Nf3 d5 4. Nc3 dxc4 5. e4 b5 (5... Bb4 6. Bxc4 Nxe4 7. O-O Nf6 8. Qa4+ Nc6 9. Ne5 Bd6 10. Nxc6 bxc6 11. Qxc6+ Bd7 12. Qf3 O-O 13. Bg5 h6 {½-½ (43) Carlsen,M (2882)-Caruana,F (2818) Saint Louis 2019}) 6. e5 {D24: Queen's Gambit Accepted: 3 Nf3 Nf6 4 Nc3} Nd5 7. Nxb5 Nb6 8. Be2 {White is slightly better.} Nc6 9. O-O Be7 10. Be3 O-O 11. Nc3 Nb4 $146 ({Predecessor:} 11... Rb8 12. Rc1 Nb4 13. Nd2 Nd3 14. Rc2 Nb4 15. Rc1 Nd3 16. Rc2 Nb4 17. Rc1 Nd3 {½-½ (17) Zhou,J (2608)-Anton Guijarro,D (2678) Changsha 2019}) 12. Nd2 Ba6 13. a3 N4d5 14. Nxd5 Nxd5 15. Bxc4 Bb7 16. b4 a5 17. b5 c5 18. bxc6 ({Don't play} 18. dxc5 Nxe3 19. fxe3 Bxc5 $17) 18... Bxc6 19. Qg4 Kh8 20. Bd3 Qd7 21. Qh3 {[%csl Gd3][%cal Rh3h7] [#]} g6 22. Ne4 Nxe3 23. fxe3 {Rf3 is the strong threat.} Bxe4 24. Bxe4 Rac8 25. Rf3 {Hoping for Raf1.} Kg7 26. Raf1 Bxa3 (26... Qa4 {with more complications.} 27. g3 Qxa3 28. d5 exd5 29. Bxd5 Rc1) 27. d5 (27. Qh4 {feels hotter.} Qe7 28. Qe1 a4 29. Qa5 Bc1 30. Qxa4 Rc3 31. Bd3) 27... Rc1 28. dxe6 Rxf1+ 29. Rxf1 fxe6 {White must now prevent ...Rxf1+.} 30. Rxf8 Bxf8 31. Qf3 Be7 {aiming for ...a4.} 32. Bc6 Qa7 (32... Qd2 $15 33. g3 Qc1+ 34. Kg2 Qb2+ 35. Kh3 Qxe5) 33. Qf4 {The position is equal.} h6 34. Kf2 Qc7 35. Be8 Bg5 36. Qe4 {Accuracy: White = 65%, Black = 77%.} 1/2-1/2

[Event "Shanghai COITCT 2019"]
[Site "Shanghai"]
[Date "2019.09.16"]
[Round "5.8"]
[White "Zhigalko, Sergei"]
[Black "Bai, Jinshi"]
[Result "1/2-1/2"]
[WhiteElo "2574"]
[BlackElo "2591"]
[Annotator "TA"]
[PlyCount "54"]
[EventDate "2019.09.15"]
[EventType "team-tourn"]
[EventCountry "CHN"]
[SourceTitle "playchess.com"]
[Source "ChessBase"]
[SourceQuality "1"]

{[%evp 13,54,19,20,16,20,20,21,11,19,15,25,25,15,24,10,0,26,29,31,19,22,12,27,16,25,0,0,0,0,0,10,-8,-8,-10,-9,-11,0,0,0,0,0,0,3]} 1. e4 e5 2. Nf3 Nf6 3. Nxe5 d6 4. Nf3 Nxe4 5. Nc3 Nxc3 6. dxc3 Be7 7. Be3 O-O 8. Qd2 {C42: Petroff Defence: 3 Nxe5 and unusual White 3rd moves} Nd7 9. O-O-O c6 (9... Nf6 10. Bd3 c5 11. Rhe1 Be6 12. Kb1 Qa5 13. a3 c4 14. Be2 Ne4 15. Qc1 d5 {1-0 (45) Caruana,F (2819)-Duda,J (2729) Paris 2019}) 10. Kb1 d5 11. c4 Nb6 12. cxd5 Nxd5 13. Bc4 {[%cal Rc4d5]} Be6 14. Bg5 Bxg5 15. Nxg5 Bf5 $146 ({Predecessor:} 15... Nc3+ 16. Qxc3 Qxg5 17. g3 {½-½ (17) Oliva Castaneda,K (2511)-Duran Vega,S (2360) Havana 2018}) 16. Rhe1 h6 17. Nf3 {[%cal Rc4d5]} Nb6 18. Qb4 Qc8 19. Bd3 Bxd3 {The position is equal.} 20. Rxd3 Re8 21. Rxe8+ Qxe8 22. Qe1 Qxe1+ 23. Nxe1 Re8 24. Rd1 Nd5 25. Nd3 Re2 26. Kc1 Kf8 27. Rd2 Rxd2 {Accuracy: White = 84%, Black = 81%.} 1/2-1/2

[Event "Shanghai COITCT 2019"]
[Site "Shanghai"]
[Date "2019.09.16"]
[Round "5.9"]
[White "Wen, Yang"]
[Black "Zarubitski, Viachaslau"]
[Result "1-0"]
[WhiteElo "2586"]
[BlackElo "2435"]
[Annotator "TA"]
[PlyCount "81"]
[EventDate "2019.09.15"]
[EventType "team-tourn"]
[EventCountry "CHN"]
[SourceTitle "playchess.com"]
[Source "ChessBase"]
[SourceQuality "1"]

{[%evp 9,81,-4,50,41,44,38,39,29,53,48,47,30,69,32,32,41,35,35,36,27,18,13,24,10,8,-39,0,0,0,-4,0,0,43,44,30,0,0,0,0,-25,0,-20,33,0,69,0,69,28,352,368,366,364,362,327,356,364,422,423,408,407,425,411,464,438,423,396,2108,2111,1962,1368,29993,29994,29995,29996]} 1. e4 c5 2. Nf3 e6 3. d4 cxd4 4. Nxd4 Nc6 5. g3 Qc7 (5... d5 $11) (5... Nf6 6. Bg2 e5 7. Nb5 d6 8. Bg5 a6 9. Bxf6 gxf6 10. N5c3 f5 11. O-O Bg7 12. Nd2 O-O 13. Nc4 Nd4 {1-0 (81) Nakamura,H (2816)-Yu,Y (2721) Las Vegas 2015}) 6. Nb5 {B44: Sicilian: Taimanov: 5 Nb5} Qb8 $1 7. Bf4 e5 $1 {[%cal Re5f4]} 8. Be3 {White is slightly better.} Nf6 9. Bg2 d6 10. Bg5 $146 ({Predecessor:} 10. a4 Be7 11. N1c3 O-O 12. O-O Bg4 13. Qd2 {1-0 (47) Noritsyn,N (2473)-Hambleton,A (2471) Montreal 2017}) 10... Nd7 11. N1c3 {Black must now prevent Nd5.} a6 12. Na3 b5 {...b4 is the strong threat.} 13. Nd5 Be7 14. Nxe7 Nxe7 15. Qd2 h6 16. Bxe7 Kxe7 17. O-O-O Qc7 18. Kb1 Bb7 {[#]} 19. c4 $1 {[%mdl 512]} Nc5 (19... bxc4 20. Nxc4) 20. Rhe1 Bc6 21. f4 f6 22. Nc2 Rhd8 23. Ne3 $36 {[%mdl 2048] White fights for an advantage.} Kf8 24. Nd5 Bxd5 25. cxd5 a5 (25... Qd7 $11) 26. Bh3 Ra6 ({Better is} 26... Qe7 $11) 27. Be6 (27. fxe5 $1 $14 fxe5 28. Be6 Nxe6 29. dxe6) 27... b4 (27... Re8 $11) 28. Rc1 {And now fxe5 would win.} Ke7 $2 {[%mdl 8192]} (28... Qb8 $11) 29. fxe5 $18 dxe5 30. Qe3 Kd6 31. Rc4 Qb6 32. Bf5 {Threatens to win with Rec1.} Ra7 33. Rec1 {[%cal Rc4c5]} Rc7 34. h4 Qb5 35. g4 Ra8 36. g5 hxg5 37. hxg5 Raa7 $2 (37... Rf8 38. gxf6 Rxf6) 38. gxf6 gxf6 {[#]} 39. Qh6 $1 {[%mdl 512]} Nxe4 40. Qf8+ Re7 41. Bxe4 {Accuracy: White = 61%, Black = 33%.} 1-0

[Event "Shanghai COITCT 2019"]
[Site "Shanghai"]
[Date "2019.09.16"]
[Round "5.10"]
[White "Lodhi, Mahmood"]
[Black "Orozbaev, Eldiar"]
[Result "0-1"]
[WhiteElo "2349"]
[BlackElo "1908"]
[Annotator "TA"]
[PlyCount "88"]
[EventDate "2019.09.15"]
[EventType "team-tourn"]
[EventCountry "CHN"]
[SourceTitle "playchess.com"]
[Source "ChessBase"]
[SourceQuality "1"]

{[%evp 16,88,36,27,58,66,85,47,74,41,60,41,40,41,47,50,59,-34,33,37,47,41,281,270,267,243,208,0,0,-21,-87,-88,31,39,60,55,46,0,0,-50,-43,-52,0,-162,-146,-287,-283,-395,-521,-518,-517,-475,-443,-523,-476,-529,-522,-512,-473,-617,-617,-600,-525,-605,-521,-564,-511,-747,-747,-747,-747,-1577,-886,-886,-886]} 1. d4 f5 2. c4 Nf6 3. Nc3 g6 4. g3 Bg7 5. Bg2 O-O 6. Nh3 d6 7. O-O c6 8. d5 Qe8 9. Nf4 Bd7 {A86: Dutch Defence: Leningrad System: Unusual lines and 5 Nh3} (9... Na6 10. Rb1 Nc5 11. b4 Nce4 12. Bb2 e5 13. dxe6 Bxe6 14. Nxe4 fxe4 15. Nxe6 Qxe6 16. Qb3 Rf7 17. Rbd1 Raf8 18. e3 {½-½ (49) Panchanathan,M (2494)-Swiercz,D (2670) Greensboro 2019}) 10. Qb3 Qc8 11. Be3 $146 ({Predecessor:} 11. c5 Kh8 12. cxd6 exd6 13. dxc6 bxc6 14. Qa3 d5 15. Nd3 Re8 16. e3 Qa6 17. Na4 {1-0 (35) Mammadov,V (2009)-Walkusz,W (2191) Bialystok 2017}) 11... Na6 {White is slightly better.} 12. Rac1 (12. c5 $5 Kh8 13. cxd6 exd6 14. Rac1 $14) 12... Kh8 13. Qa3 Ng4 14. Bd2 Ne5 15. b3 h6 16. e4 (16. Rcd1 $14) 16... g5 (16... Nc5 $15) 17. Nh5 $14 Nd3 {Threatens to win with ...Be5.} 18. Nxg7 Nxc1 $2 (18... Kxg7 $14 19. Rcd1 f4) 19. Nxf5 $18 ({Inferior is} 19. Rxc1 Kxg7 20. e5 c5 $11) 19... Bxf5 20. exf5 Nd3 21. Be4 $2 (21. dxc6 $18 bxc6 22. Ne4) 21... Nac5 $11 22. f3 (22. Bg2 {with more complications.} Qxf5 23. Be3 Ne5 24. Bxc5 dxc5 25. Qxc5 Nf3+ 26. Bxf3 Qxf3 27. Qd4+) 22... Nxe4 23. fxe4 {[#]} cxd5 ({Black should try} 23... b5 $1 $17 {[%cal Rb5b4][%mdl 512] ...b4 is the strong threat.} 24. cxb5 cxb5 25. Nxb5 Qc2) 24. Nxd5 $14 Qc5+ 25. Qxc5 Nxc5 26. Nxe7 Kh7 27. Bb4 {Black must now prevent e5!} (27. e5 $5 dxe5 28. Nd5 $11) 27... Nxe4 28. Re1 Nc5 ({Better is} 28... a5 $15 29. Ba3 a4 30. Rxe4 axb3 {[%mdl 64] Discovered Attack}) 29. Bxc5 $2 (29. Bc3 $11) 29... dxc5 $11 {[%mdl 4096] Endgame KRR-KRN} 30. Re5 (30. Rf1 $17 {was called for.}) 30... Rae8 $19 31. g4 {intending Re6.} Rf7 32. Ng6 {Black is clearly winning.} Rxe5 33. Nxe5 {KR-KN} Re7 34. Nd3 Re2 35. Nxc5 b6 36. Ne6 Rxa2 37. c5 bxc5 38. Nxc5 Rc2 39. Ne4 Re2 40. Nc5 Re5 41. b4 {[#]} a5 $1 {[%cal Ba7a5,Ba5a4,Ba4a3,Ba3a2][%mdl 544]} 42. Nd7 {[#]} (42. bxa5 Rxc5) 42... a4 $1 {And now ...Re2 would win.} 43. f6 a3 44. f7 {[#]} a2 $1 {[%mdl 512] Accuracy: White = 21%, Black = 52%.} 0-1

[Event "Shanghai COITCT 2019"]
[Site "Shanghai"]
[Date "2019.09.16"]
[Round "5.11"]
[White "Zairbek kyzy, Begimai"]
[Black "Khan, Mohd. Omer"]
[Result "0-1"]
[WhiteElo "1989"]
[BlackElo "2273"]
[Annotator "TA"]
[PlyCount "102"]
[EventDate "2019.09.15"]
[EventType "team-tourn"]
[EventCountry "CHN"]
[SourceTitle "playchess.com"]
[Source "ChessBase"]
[SourceQuality "1"]

{[%evp 9,102,12,13,4,22,6,-2,-8,2,-2,42,40,94,89,89,93,97,93,88,90,100,45,93,18,18,8,47,17,14,5,5,0,7,-40,0,-3,0,0,14,0,0,0,0,-401,-393,-386,-381,-393,-383,-385,-383,-383,-389,-392,-387,-892,-829,-685,-508,-497,-514,-482,-506,-488,-472,-568,-546,-701,-681,-847,-881,-1713,-3784,-12808,-12804,-29988,-29989,-29988,-29989,-29989,-29990,-29993,-29990,-29990,-29991,-29991,-29992,-29993,-29994,-29994,-29995,-29995,-29996,-29996,-29997]} 1. e4 c6 2. Nf3 d5 3. e5 Bg4 4. d4 e6 5. c3 (5. Nbd2 Nd7 6. h3 Bh5 7. Nb3 Ne7 8. Bd3 c5 9. Nxc5 Nxc5 10. dxc5 Nc6 11. g4 Bg6 12. Be3 Be7 {1-0 (43) Wilczek,T (2678)-Jurkowitz,R (2595) IECG email 2006}) 5... Ne7 6. Bd3 {B10: Caro-Kann: 2 d3 and 2 c4} Nd7 7. h3 $146 ({Predecessor:} 7. O-O c5 8. Bg5 Qb6 9. Nbd2 Nc6 10. Qa4 c4 11. Bc2 Qxb2 12. Rab1 Qxc3 13. Rxb7 {1-0 (28) Da Maia,V (2404)-Sanchez,M (2352) ICCF email 2006}) 7... Bh5 8. Be3 {The position is equal.} Qb6 9. b3 Bxf3 10. Qxf3 Ng6 ({Black should play} 10... c5 $14) 11. O-O c5 12. Qe2 a6 13. f4 cxd4 14. cxd4 Ne7 15. f5 (15. Nc3 $16) 15... exf5 $14 {[#]} 16. Bxf5 (16. Nc3 $1 $16) 16... Nxf5 $11 17. Rxf5 {Black must now prevent Qf3.} Qe6 18. Rf1 Bb4 19. a3 Ba5 20. Nd2 O-O 21. Rac1 Rac8 22. b4 Bb6 23. Nb3 Rfe8 24. Qd3 Rxc1 25. Rxc1 f6 26. exf6 $2 {[%mdl 8192]} (26. Na5 $1 $11) 26... Qxe3+ $19 27. Qxe3 Rxe3 28. Rc8+ Kf7 29. fxg7 Kxg7 30. Nc5 Re7 31. a4 Nxc5 32. dxc5 $2 {[%mdl 4096] Endgame KRB-KR} (32. bxc5 Ba5 33. Kf1) 32... Bc7 {[#] ( -> ...Bg3)} 33. Kf2 Kf6 34. b5 axb5 35. axb5 d4 36. b6 Bf4 37. Rd8 Ke5 38. Ke2 Ke4 39. g4 Bc1 40. Rd6 Ba3 41. g5 Bxc5 42. Rf6 d3+ {Black mates.} 43. Kd1 Kd4 44. Rf4+ Kc3 45. h4 Re6 46. Rf5 Be3 47. Ra5 Rxb6 {[%cal Rb6b1]} 48. Ra1 Rb2 49. Ra3+ Kd4 {[%cal Rb2b1]} 50. Ra4+ Ke5 {[%cal Rb2b1]} 51. Ra1 Rh2 {Accuracy: White = 32%, Black = 66%.} 0-1

[Event "Shanghai COITCT 2019"]
[Site "Shanghai"]
[Date "2019.09.16"]
[Round "5.13"]
[White "Zvjaginsev, Vadim"]
[Black "Xu, Zhihang"]
[Result "1-0"]
[WhiteElo "2644"]
[BlackElo "2506"]
[Annotator "TA"]
[PlyCount "119"]
[EventDate "2019.09.15"]
[EventType "team-tourn"]
[EventCountry "CHN"]
[SourceTitle "playchess.com"]
[Source "ChessBase"]
[SourceQuality "1"]

{[%evp 9,121,-7,0,-13,6,0,29,22,22,22,22,32,29,22,29,19,14,15,36,37,37,21,39,24,39,17,45,47,73,64,52,45,24,16,30,21,41,35,81,44,38,45,37,39,107,64,95,53,85,79,72,72,72,84,69,47,47,8,81,52,107,101,275,280,386,379,471,471,445,466,466,467,467,467,463,460,437,278,341,278,295,214,634,623,758,811,794,789,770,767,758,783,784,760,802,751,720,697,991,997,946,922,1473,1497,792,1512,1562,1350,6610,8199,5709,6414,29964,29951]} 1. e4 e5 2. Nf3 Nc6 3. g3 Nf6 4. d3 Bc5 5. Bg2 d6 6. c3 {C44: Ponziani Opening and Scotch Gambit} a6 7. O-O Ba7 8. Na3 $146 {White has an edge.} ({Predecessor:} 8. Nbd2 O-O 9. Nc4 h6 10. Be3 b5 11. Bxa7 bxc4 12. Be3 cxd3 13. Qxd3 a5 14. Rfe1 {½-½ (24) Zvjaginsev,V (2660)-Alekseev,E (2653) St Petersburg 2015}) 8... h6 9. Nc2 O-O 10. Be3 Bxe3 11. Nxe3 Ng4 12. Qd2 Nxe3 13. Qxe3 Be6 14. d4 {And now d5 would win.} exd4 15. Nxd4 Bd7 16. Qd2 Re8 17. b3 Qf6 18. Nc2 Ne7 {[#]} 19. e5 $1 {[%mdl 512]} Qxe5 (19... dxe5 20. Qxd7) 20. Bxb7 {Strongly threatening Rfe1.} Rab8 21. Rfe1 Qa5 22. Bg2 Ng6 23. Ne3 Qh5 24. Qd1 Qc5 25. Qd4 Qa5 26. b4 Qe5 (26... Qa3 $14) 27. Qd2 Qh5 28. Qd1 Qe5 29. Nd5 Qxe1+ 30. Qxe1 Rxe1+ 31. Rxe1 c6 32. Ne3 d5 33. Nc2 Kf8 (33... a5 $11 {remains equal.}) 34. Nd4 $16 a5 (34... c5 $14 35. bxc5 Ne7) 35. bxa5 c5 $2 {[#]} (35... Ra8 $16 {was necessary.}) 36. Nb3 $1 $18 ({Not} 36. Bxd5 Ne7 $11) 36... c4 37. Nc5 Bc6 {[#] intending ...Rb5.} 38. Bxd5 $1 {[%mdl 512]} Rc8 (38... Bxd5 39. Nd7+) 39. Bxc6 Rxc6 {[%mdl 4096] Endgame KRN-KRN} 40. Nd7+ Kg8 41. Re8+ Kh7 {and the idea ...Ra6 leaves Black hopeful.} 42. h4 Rc7 43. Ne5 Ne7 44. Nxc4 ({But not} 44. Nxf7 Nd5 $18) 44... Nd5 45. Nb6 Nxc3 $2 (45... Nxb6 46. axb6 Rb7) 46. Rc8 Nb5 47. Rxc7 Nxc7 {KN-KN} 48. Kf1 Kg6 49. Ke2 Kf5 50. Kd3 Ke5 51. Kc4 Kd6 52. Nc8+ Kc6 53. Ne7+ Kb7 54. Nf5 Ne8 55. Kc5 Ka6 56. Kc6 Nf6 57. Nxg7 Ng4 58. Nf5 Kxa5 59. f3 Ne5+ 60. Kd6 {Played: Kc6-d5} 1-0